Statistics for ABBA's Albums

Click here to take the quiz!

General Stats

  • This quiz has been taken 257 times
  • The average score is 7 of 8

Answer Stats

YearAlbum% Correct
1975ABBA
92%
1976Arrival
89%
1974Waterloo
89%
1973Ring Ring
87%
1981The Visitors
87%
1979Voulez-Vous
85%
1980Super Trouper
83%
1977ABBA: The Album
71%

Score Distribution

Percentile by Number Answered

Percent of People with Each Score

Your Score History

You have not taken this quiz